Ministerpräsidenten Deutschlands - Statistiken

Allgemein
  • Dieses Quiz wurde 195 mal gespielt
  • Das Durchschnittsergebnis liegt bei 10 aus 16
Antwortstatistiken
Bundesländer Antwort % Korrekt
Bayern Markus Söder
96%
Nordrhein-Westfalen Hendrik Wüst
83%
Baden-Württemberg Winfried Kretschmann
83%
Sachsen Michael Kretschmer
77%
Schleswig-Holstein Daniel Günther
72%
Mecklenburg-Vorpommern Manuela Schwesig
69%
Hamburg Peter Tschentscher
61%
Berlin Kai Wegner
58%
Thüringen Mario Voigt
58%
Hessen Boris Rhein
57%
Brandenburg Dietmar Woidke
56%
Saarland Anke Rehlinger
55%
Sachsen-Anhalt Reiner Haseloff
54%
Bremen Andreas Bovenschulte
53%
Rheinland-Pfalz Alexander Schweitzer
50%
Niedersachsen Olaf Lies
38%
Keine übereinstimmenden Quizze gefunden
Verteilung der Resultate
Anzahl Personen mit jedem Resultat
Perzentil nach korrekt beantworteten Fragen
Ihre Resultats-Entwicklung
Sie haben dieses Quiz noch nicht gespielt